|
|
|
|
| LEADER |
00000cam a2200000 7i4500 |
| 001 |
0000053382 |
| 005 |
20160114.0 |
| 008 |
151021 |
| 020 |
|
|
|a 9789675552144
|
| 090 |
0 |
0 |
|a 499.2809
|b CHE
|
| 100 |
0 |
|
|a Chew,Fong Peng
|
| 245 |
1 |
4 |
|a The Malay Language :
|b a bridge to Knowledge
|c Chew Fong Peng .
|n Vol.II
|
| 260 |
|
|
|a Kuala Lumpur :
|b National Department for Culture and Arts ,
|c 2011
|
| 300 |
|
|
|a 142pg.
|
| 650 |
|
0 |
|a Malay
|x Languages
|
| 999 |
|
|
|a 0001260656
|b Book
|c Adult Collection
|e Cawangan Batu Pahat
|
| 999 |
|
|
|a 0001260657
|b Book
|c Adult Collection
|e Cawangan Taman Sri Lambak
|
| 999 |
|
|
|a 0001260658
|b Book
|c Adult Collection
|e Cawangan Bandar Penawar
|
| 999 |
|
|
|a 0001260661
|b Book
|c Adult Collection
|e Cawangan Tangkak
|
| 999 |
|
|
|a 0001260663
|b Book
|c Adult Collection
|e Cawangan Bukit Gambir
|
| 999 |
|
|
|a 0001260664
|b Book
|c Adult Collection
|e Cawangan Kota Tinggi
|